[Event "Presidents Cup"]
[Site "Elista"]
[Date "1998.05.08"]
[Round "1.2"]
[White "Akopian, Vladimir"]
[Black "Bologan, Viktor"]
[Result "0-1"]
[WhiteElo "2660"]
[BlackElo "2580"]

1.Nf3 c5 2.c4 Nc6 3.Nc3 g6 4.e3 Bg7 5.d4 d6 6.d5 Ne5 7.Nxe5 Bxe5 8.Bd3 Bg7
9.e4 e5 10.f4 Nh6 11.Be2 O-O 12.O-O exf4 13.Bxf4 g5 14.Bd2 f5 15.exf5 Nxf5
16.Bd3 h6 17.Kh1 Bd7 18.Qg4 Qf6 19.Nb5 Qxb2 20.Rad1 Rae8 21.Nxd6 Nxd6 22.Qxd7 Rxf1+
23.Bxf1 Qc2 24.Re1 Rxe1 25.Bxe1 Qe4 26.Bg3 Nxc4 27.d6 Ne3 28.Qb5 Nxf1 29.Qxf1 c4
30.h3 c3 31.Qb5 c2 32.Qc5 Qc6 33.Qf5 c1=Q+ 34.Kh2 Q1c2  0-1

[Event "Presidents Cup"]
[Site "Elista"]
[Date "1998.05.10"]
[Round "2.1"]
[White "Sakaev, Konstantin"]
[Black "Bologan, Viktor"]
[Result "1-0"]
[WhiteElo "2620"]
[BlackElo "2580"]

1.d4 d5 2.Nf3 Nf6 3.c4 c6 4.Nc3 dxc4 5.a4 Bf5 6.Ne5 Nbd7 7.Nxc4 Qc7 8.g3 e5
9.dxe5 Nxe5 10.Bf4 Nfd7 11.Bg2 f6 12.O-O Be6 13.Nxe5 fxe5 14.Be3 Bc5 15.Qc1 Bxe3
16.Qxe3 a5 17.Ne4 O-O 18.Ng5 Qd6 19.Qa3 Qxa3 20.Rxa3 Bg4 21.Re3 Rfe8 22.Ne4 Re7
23.Nd6 Nf6 24.f4 e4 25.h3 Be6 26.g4 Bd5 27.g5 Nh5 28.Bxe4 Bxe4 29.Rxe4 Rxe4
30.Nxe4 Re8 31.Nc3 Ng3 32.Re1 Nh5 33.Rf1 Ng3 34.Rf2 Ne4 35.Nxe4 Rxe4 36.Kg2 Re3
37.f5 b5 38.h4 b4 39.Kf1 Re4 40.h5 c5 41.f6 Re5 42.h6 g6 43.Rg2 c4 44.Ke1 Rd5
45.e4 Re5 46.Rg4 Kf7 47.Kd2 Rc5 48.Rg1 c3+ 49.bxc3 bxc3+ 50.Kc2 Ke6 51.Rg3 Kf7
52.Rxc3 Rxg5 53.Rc6  1-0

[Event "Presidents Cup"]
[Site "Elista"]
[Date "1998.05.11"]
[Round "2.2"]
[White "Bologan, Viktor"]
[Black "Sakaev, Konstantin"]
[Result "1-0"]
[WhiteElo "2580"]
[BlackElo "2620"]

1.e4 e5 2.Nf3 Nc6 3.Bb5 a6 4.Ba4 Nf6 5.O-O Be7 6.Re1 b5 7.Bb3 O-O 8.h3 Bb7
9.d3 d6 10.a3 h6 11.Nc3 Re8 12.Ne2 d5 13.exd5 Nxd5 14.Ng3 Bf8 15.c3 Qd7 16.Ne4 Kh8
17.Nh4 Nd8 18.Qg4 Qxg4 19.hxg4 Ne6 20.g3 Rad8 21.a4 b4 22.a5 Rd7 23.Bc4 Red8
24.Bd2 c5 25.f3 Ndc7 26.Kf2 Bd5 27.Ke2 Kg8 28.Nf5 f6 29.Rh1 Kf7 30.Be3 Rb8
31.Bd2 Bc6 32.Ne3 Bb5 33.f4 exf4 34.gxf4 Bxc4 35.Nxc4 Nd5 36.Raf1 Re8 37.Kd1 Nd8
38.Kc2 Nc6 39.Rh3 Rb8 40.Rh5 Rdd8 41.Rh3 Rb5 42.g5 Nxa5 43.gxh6 gxh6 44.Ra1 b3+
45.Kc1 Nxc4 46.dxc4 Rb6 47.cxd5 Rxd5 48.Ra5 Re6 49.Re3 Rh5 50.Nf2 Rd6 51.Rf3 Rhd5
52.Be3 h5 53.Rxc5 a5 54.Rc4 Kg6 55.f5+ Rxf5 56.Rxf5 Kxf5 57.Rc5+ Kg6 58.Rxa5 h4
59.Rb5 Re6 60.Kd2  1-0

[Event "Presidents Cup"]
[Site "Elista"]
[Date "1998.05.12"]
[Round "2.6"]
[White "Sakaev, Konstantin"]
[Black "Bologan, Viktor"]
[Result "1/2-1/2"]
[WhiteElo "2620"]
[BlackElo "2580"]

1.d4 Nf6 2.Nf3 Nc6 3.c4 d6 4.e3 e6 5.Nc3 g6 6.e4 Bg7 7.h3 O-O 8.Be3 Re8 9.Be2 e5
10.d5 Nd4 11.Nxd4 exd4 12.Bxd4 Nxe4 13.Bxg7 Kxg7 14.Qd4+ Qf6 15.Qxf6+ Kxf6
16.Nxe4+ Rxe4 17.f3 Re7 18.Kd2 h5 19.g4 Bd7 20.f4 Rae8 21.Rh2 Rh8 22.gxh5 gxh5
23.Rg1 Re4 24.Rf1 Bf5 25.b3 a5 26.h4 a4 27.Rhf2 axb3 28.axb3 Ra8 29.Bxh5 Ra2+
30.Kc3 Re3+ 31.Kb4 Ra6 32.Bd1 c5+ 33.dxc6 bxc6 34.Rf3 Re8 35.Kc3 Rh8 36.Bc2 Bxc2
37.Kxc2 Rxh4 38.Rd1 c5 39.Kc3 Ke7 40.Rd5 Kf6 41.Kd3 Rh1 42.Ke4 Rb6 43.Rfd3 Ke7
44.Kf3 Rb1 45.Re3+ Kf6 46.Kg4 Rg1+  1/2-1/2

[Event "Presidents Cup"]
[Site "Elista"]
[Date "1998.05.12"]
[Round "2.5"]
[White "Bologan, Viktor"]
[Black "Sakaev, Konstantin"]
[Result "1/2-1/2"]
[WhiteElo "2580"]
[BlackElo "2620"]

1.e4 c5 2.Nf3 d6 3.d4 cxd4 4.Nxd4 e5 5.Nb3 a6 6.Be3 Be6 7.Nc3 Nf6 8.h3 Be7
9.Qf3 h5 10.O-O-O Nbd7 11.Kb1 Nb6 12.g4 hxg4 13.hxg4 Rxh1 14.Qxh1 Bxg4 15.f3 Bh5
16.Qg1 Nfd7 17.Qxg7 Bxf3 18.Rd3 Bf8 19.Qg3 Bh5 20.Bg5 Be7 21.Be3 Bg6 22.Bh3 Qc7
23.Qf2 Nc5 24.Nxc5 dxc5 25.Rd1 Rd8 26.Rh1 Nc4 27.Bc1 Qb6 28.b3 Qb4 29.Nd5 Rxd5
30.exd5 Nd6 31.Bb2 c4 32.Qe1 Qxe1+ 33.Rxe1 e4 34.Be5 Nb5 35.a4 Bb4 36.Rh1 Nc3+
37.Bxc3 Bxc3 38.bxc4 f5 39.Rf1 e3 40.Rf3 f4 41.Bf1 Be5 42.Rh3 Be4 43.Be2 Bg2
44.Rh5 Bd6 45.Rf5 Ke7 46.c5 Bxc5 47.Rxf4 Bxd5  1/2-1/2

[Event "Keres mem op"]
[Site "Tallin"]
[Date "1998.06.14"]
[Round "1"]
[White "Bologan, Viktor"]
[Black "Budolina, Sofia"]
[Result "1-0"]
[WhiteElo "2580"]
[BlackElo "2150"]

1.e4 c5 2.Nf3 d6 3.d4 cxd4 4.Nxd4 Nf6 5.Nc3 e6 6.g4 h6 7.h4 Be7 8.Rg1 Nc6
9.g5 hxg5 10.hxg5 Nd7 11.g6 Nxd4 12.gxf7+ Kxf7 13.Qxd4 Ne5 14.Qe3 Bf6 15.Qg3 Bd7
16.Be3 Rh4 17.Be2 Qh8 18.O-O-O Ke7 19.f4 Rh3 20.fxe5 Rxg3 21.exf6+ gxf6 22.Rxg3 Rg8
23.Rxg8 Qxg8 24.Bxa7 b5 25.a3 Bc6 26.Bb6 Qg5+ 27.Kb1 f5 28.exf5 Qxf5 29.Ba5 d5
30.Nxb5  1-0

[Event "Keres mem op"]
[Site "Tallin"]
[Date "1998.06.15"]
[Round "2"]
[White "Sergejev, Roman"]
[Black "Bologan, Viktor"]
[Result "1/2-1/2"]
[WhiteElo "2385"]
[BlackElo "2580"]

1.Nf3 Nf6 2.c4 g6 3.g3 Bg7 4.Bg2 O-O 5.O-O d6 6.d4 Nc6 7.Nc3 a6 8.d5 Na5
9.b3 Rb8 10.Bb2 b5 11.cxb5 axb5 12.Nd4 b4 13.Nb1 Bb7 14.e4 c5 15.dxc6 Nxc6
16.Nxc6 Bxc6 17.Nd2 Qa5 18.Re1 Qb5 19.Nc4 Rfd8 20.Qe2 Ne8 21.Rad1 Qa6 22.Bxg7 Nxg7
23.Ne3 Qb7 24.Nd5 e5 25.Nf6+ Kh8 26.Qg4 Ne6 27.Qh4 Kg7 28.Ng4 h5 29.Qf6+ Kh7
30.Ne3 Nd4 31.Nc4 Qc7 32.f4 Bb5 33.fxe5 Bxc4 34.Rxd4 Be6 35.Red1 Qa7 36.Qf2 Bg4
37.R1d2 Rbc8 38.h3 Rc1+ 39.Kh2 Be6 40.exd6 Qc5 41.R4d3 Qxf2 42.Rxf2 Kg7 43.e5 Re1
44.Bd5 Bf5 45.Rd4 Rxe5 46.Bc4 g5 47.Bxf7 Kxf7 48.g4 Ke6 49.gxf5+ Rxf5 50.Rxf5 Kxf5
51.Rd5+ Ke4 52.Rxg5 Rxd6 53.Rxh5 Kf4 54.Rb5 Rd2+ 55.Kg1 Rxa2 56.Rxb4+ Kf3
57.Rg4 Rb2 58.Kh1 Rxb3  1/2-1/2

[Event "Keres mem op"]
[Site "Tallin"]
[Date "1998.06.16"]
[Round "3"]
[White "Bologan, Viktor"]
[Black "Zjukin, Sergei"]
[Result "1-0"]
[WhiteElo "2580"]
[BlackElo "2425"]

1.e4 c5 2.Nf3 Nc6 3.d4 cxd4 4.Nxd4 Nf6 5.Nc3 e5 6.Ndb5 d6 7.Bg5 a6 8.Na3 b5
9.Nd5 Be7 10.Bxf6 Bxf6 11.c3 Bg5 12.Nc2 O-O 13.a4 bxa4 14.Rxa4 a5 15.Bc4 Rb8
16.b3 Kh8 17.O-O f5 18.exf5 Bxf5 19.Nce3 Be6 20.Qd3 Qd7 21.Rd1 Bf7 22.Nf1 Bg6
23.Qe2 Bh4 24.Ng3 Bxg3 25.hxg3 Bf7 26.Ra2 Be6 27.Rad2 Bg4 28.f3 Be6 29.Qe3 Qb7
30.g4 Ne7 31.Nxe7 Bxc4 32.bxc4 Qxe7 33.Rxd6 a4 34.Rd7 Qe6 35.R1d6 Qxc4 36.Qxe5 Rg8
37.Ra7 Qa2 38.Kh2 Qf2 39.Rh6 Qd2 40.g5  1-0

[Event "Keres mem op"]
[Site "Tallin"]
[Date "1998.06.17"]
[Round "4"]
[White "Miezis, Normunds"]
[Black "Bologan, Viktor"]
[Result "1/2-1/2"]
[WhiteElo "2505"]
[BlackElo "2580"]

1.c4 e5 2.Nc3 Bb4 3.g3 Bxc3 4.dxc3 d6 5.e4 Nf6 6.Bg2 Nbd7 7.Be3 O-O 8.h3 a6
9.a4 Nc5 10.Bxc5 dxc5 11.Qe2 Ne8 12.Nf3 f6 13.Nd2 Nd6 14.O-O Be6 15.Kh2 Qe7
16.b3 b6 17.f4 Nf7 18.f5 Bd7 19.Rf2 Bc6 20.Nf1 Nd6 21.Ne3 Ra7 22.g4 Qe8 23.Nf1 Qa8
24.Ng3 b5 25.axb5 axb5 26.Rxa7 Qxa7 27.cxb5 Bxb5 28.c4 Be8 29.h4 Nf7 30.Qe3 Nd8
31.g5 Nc6 32.Bf3 Nd4 33.Bh5 Qb8 34.Rg2 fxg5 35.Bxe8 Qxe8 36.hxg5 g6 37.f6 h6
38.Rf2 Qe6 39.Nf1 Qg4 40.Qg3 Qxg5 41.Qxg5 hxg5 42.Ne3 Kf7 43.Ng4 Ke6 44.Kg2 Nc6
45.Rd2 Nb8 46.Ra2 c6 47.Ra7 Nd7 48.Kg3 Nxf6 49.Nxf6 Rxf6 50.Rc7 Kd6 51.Rg7 Rf4
52.Rxg6+ Kc7 53.Rxg5 Rxe4 54.Kf3 Rf4+ 55.Ke3 Kd6 56.Rg6+ Kd7  1/2-1/2

[Event "Keres mem op"]
[Site "Tallin"]
[Date "1998.06.18"]
[Round "5"]
[White "Bologan, Viktor"]
[Black "Kulaots, Kaido"]
[Result "1-0"]
[WhiteElo "2580"]
[BlackElo "2450"]

1.e4 c5 2.Nf3 d6 3.d4 cxd4 4.Nxd4 Nf6 5.Nc3 a6 6.Be3 Ng4 7.Bg5 h6 8.Bh4 g5
9.Bg3 Bg7 10.Be2 h5 11.Bxg4 Bxg4 12.f3 Bd7 13.Bf2 Nc6 14.O-O e6 15.Nde2 Qe7
16.Na4 b5 17.Nb6 Rb8 18.c3 Ne5 19.Nxd7 Qxd7 20.Bd4 Rg8 21.f4 gxf4 22.Nxf4 h4
23.Qh5 Rh8 24.Qe2 Rh6 25.a4 bxa4 26.Qxa6 Rxb2 27.Rfb1 Rxb1+ 28.Rxb1 Bf6 29.Qa8+ Bd8
30.Rb7  1-0

[Event "Keres mem op"]
[Site "Tallin"]
[Date "1998.06.20"]
[Round "7"]
[White "Bologan, Viktor"]
[Black "Fridman, Daniel"]
[Result "1-0"]
[WhiteElo "2580"]
[BlackElo "2520"]

1.e4 e5 2.Bc4 Nf6 3.d3 c6 4.Nf3 Be7 5.c3 Qc7 6.Bg5 O-O 7.Nbd2 d6 8.Bb3 h6
9.Bh4 Nbd7 10.O-O Nc5 11.Bc2 Bg4 12.h3 Bh5 13.Bg3 Ne6 14.Qe1 Bxf3 15.Nxf3 Nh5
16.Bh2 Nhf4 17.d4 Bf6 18.Rd1 Qb6 19.Bb3 Rfe8 20.Qd2 Ng5 21.Nxg5 hxg5 22.d5 Red8
23.g3 Ng6 24.Kg2 a5 25.f3 a4 26.Bc4 Qc7 27.Bg1 a3 28.b4 Ne7 29.Bb3 cxd5 30.exd5 e4
31.c4 exf3+ 32.Rxf3 Ng6 33.c5 Be5 34.Qxg5 Qe7 35.Qf5 Nf8 36.Re1 Qd7 37.Qd3 Nh7
38.c6  1-0

[Event "Keres mem op"]
[Site "Tallin"]
[Date "1998.06.22"]
[Round "9"]
[White "Bologan, Viktor"]
[Black "Svirjov, Igor"]
[Result "1-0"]
[WhiteElo "2580"]
[BlackElo "2355"]

1.e4 g6 2.d4 Bg7 3.Nc3 d6 4.f4 c6 5.Nf3 Bg4 6.Be3 Nd7 7.Qd2 b5 8.a4 b4 9.Nd1 Ngf6
10.Nf2 Bxf3 11.gxf3 a5 12.O-O-O Qc7 13.Kb1 e6 14.Rg1 d5 15.Bh3 Nb6 16.b3 Nfd7
17.Nd3 O-O 18.e5 f5 19.exf6 Rxf6 20.Bg4 Nc8 21.h4 Ne7 22.h5 gxh5 23.Bxh5 Nf5
24.Bf2 Kh8 25.Bg4 Rh6 26.Bxf5 exf5 27.Rg5 Rf8 28.Rdg1 Rf7 29.Ne5 Nxe5 30.fxe5 f4
31.R5g4 Rh2 32.Qe1 h5 33.Rg6 Bf8 34.e6 Rf5 35.Bh4 Qh7 36.e7  1-0

[Event "Elista ol (Men)"]
[Site "Elista"]
[Date "1998.09.30"]
[Round "2"]
[White "Bologan, Viktor"]
[Black "Cela, Altin"]
[Result "1/2-1/2"]
[WhiteElo "2585"]
[BlackElo "2450"]

1.e4 c6 2.d4 d5 3.e5 c5 4.dxc5 Nc6 5.Bf4 e6 6.Nd2 Nge7 7.Ngf3 Ng6 8.Bg3 Bxc5
9.Bd3 Qc7 10.Nb3 Be7 11.Qe2 Nb4 12.O-O Bd7 13.Nfd4 O-O 14.f4 Qb6 15.Kh1 Nxd3
16.Qxd3 f6 17.exf6 Bxf6 18.f5 exf5 19.Nxf5 Bxb2 20.Rab1 Qb5 21.Ne3 Rxf1+
22.Nxf1 Qxd3 23.cxd3 Be5 24.Ne3 Bc6 25.Na5 Re8 26.Nxc6 bxc6 27.Nf5 Bc3 28.h4 Rf8
29.Rc1 d4 30.Nd6 Nf4 31.Bxf4 Rxf4 32.Ne4 Rxh4+ 33.Kg1 Ba5 34.Rxc6 h6 35.Rc5 Bb6
36.Rb5 Rf4 37.a4 Rf7 38.a5 Bc7 39.a6 Bb6 40.Nd6 Rf6  1/2-1/2

[Event "Elista ol (Men)"]
[Site "Elista"]
[Date "1998.10.06"]
[Round "8"]
[White "Bologan, Viktor"]
[Black "Polak, Tomas"]
[Result "0-1"]
[WhiteElo "2585"]
[BlackElo "2525"]

1.e4 c6 2.d4 d5 3.Nd2 dxe4 4.Nxe4 Nd7 5.Nf3 Ngf6 6.Nxf6+ Nxf6 7.Ne5 Nd7 8.Bf4 Nxe5
9.Bxe5 Qd5 10.c4 Qa5+ 11.Qd2 Qxd2+ 12.Kxd2 Bf5 13.Bd3 Bxd3 14.Kxd3 Rd8 15.Kc3 f6
16.Bc7 Rd7 17.Bb8 b5 18.cxb5 Rb7 19.Bxa7 Rxa7 20.bxc6 e6 21.b4 Ra3+ 22.Kc4 Kd8
23.Rhe1 Kc7 24.Rxe6 Bd6 25.b5 Rd8 26.Rae1 Ra4+ 27.Kc3 Kb6 28.Re8 Rxe8 29.Rxe8 Kxb5
30.c7 Bxc7 31.Re7 Ra7 32.a4+ Kc6 33.Kc4 Bb8 34.d5+ Kd6 35.Re6+ Kd7 36.Kb5 Rb7+  0-1

[Event "Elista ol (Men)"]
[Site "Elista"]
[Date "1998.10.11"]
[Round "12"]
[White "Bologan, Viktor"]
[Black "Martin del Campo, Roberto"]
[Result "1-0"]
[WhiteElo "2585"]
[BlackElo "2465"]

1.e4 c5 2.Nf3 d6 3.d4 cxd4 4.Nxd4 Nf6 5.Nc3 a6 6.Be3 e5 7.Nb3 Be6 8.f3 h5
9.Qd2 Nbd7 10.Be2 Rc8 11.O-O Be7 12.a4 Qc7 13.Nd5 Nxd5 14.exd5 Bf5 15.c4 Nc5
16.Nxc5 dxc5 17.f4 e4 18.a5 Rh6 19.Rfc1 Bd6 20.b4 Qe7 21.bxc5 Bxc5 22.Rab1 Rc7
23.Rb3 Bc8 24.Rcb1 Bxe3+ 25.Qxe3 Qc5 26.Qxc5 Rxc5 27.Ra1 Rc7 28.Kf2 Rg6 29.g3 h4
30.gxh4 Rf6 31.Ke3 Kd8 32.Rb6  1-0

[Event "Bourbon Lancy op"]
[Site "Bourbon Lancy"]
[Date "1998.10.25"]
[Round "2"]
[White "Libiszewski, Fabien"]
[Black "Bologan, Viktor"]
[Result "1-0"]
[WhiteElo "2200"]
[BlackElo "2585"]

1.e4 c5 2.Nf3 e6 3.d3 Nc6 4.g3 g6 5.Bg5 Qb6 6.Qc1 Bg7 7.Nc3 d6 8.Bg2 Nge7
9.O-O h6 10.Bd2 g5 11.Rb1 Ng6 12.Ne2 Bd7 13.a3 a5 14.Be3 Qa6 15.h3 Rc8 16.Qd2 a4
17.Ne1 e5 18.f4 exf4 19.gxf4 Nh4 20.f5 Be5 21.Nf3 Nxg2 22.Kxg2 f6 23.Neg1 Na5
24.Qf2 Qc6 25.Nxe5 dxe5 26.Qf3 Qd6 27.Rfd1 Ke7 28.Ne2 h5 29.Qf2 Kf7 30.Ng3 b6
31.Qe2 Nc6 32.Nxh5 Nd4 33.Bxd4 exd4 34.Ng3 Rh4 35.Rh1 Rg8 36.Kf2 Qf4+ 37.Qf3 Qe5
38.Ne2 c4 39.Qg3 Qc5 40.Rbc1 Re8 41.Kg2 Bxf5 42.Qf2 Bxe4+ 43.dxe4 Rhxe4 44.Ng3 Rf4
45.Qd2 Qd5+ 46.Kh2 Rh8 47.Qg2 Rxh3+ 48.Qxh3 Rh4 49.Rcf1 d3 50.Rf5 Qd4 51.cxd3 Qxb2+
52.Kg1 Rxh3 53.Rxh3 cxd3 54.Rh6 b5 55.Nh5 Qe2 56.Rfxf6+ Ke8 57.Re6+  1-0

[Event "Bourbon Lancy op"]
[Site "Bourbon Lancy"]
[Date "1998.10.26"]
[Round "4"]
[White "Wakselman, Simon"]
[Black "Bologan, Viktor"]
[Result "0-1"]
[WhiteElo "2070"]
[BlackElo "2585"]

1.e4 c5 2.Nf3 e6 3.d4 cxd4 4.Nxd4 a6 5.Nc3 b5 6.a3 Bb7 7.Bd3 d6 8.Be3 Nf6
9.O-O Nbd7 10.f4 g6 11.h3 Bg7 12.Qe1 O-O 13.g4 Nc5 14.Bf2 e5 15.g5 Nh5 16.Nde2 exf4
17.h4 Qd7 18.Kh2 f3 19.Ng3 Qg4  0-1

[Event "Bourbon Lancy op"]
[Site "Bourbon Lancy"]
[Date "1998.10.27"]
[Round "5"]
[White "Bologan, Viktor"]
[Black "Guedon, Stephanne"]
[Result "1-0"]
[WhiteElo "2585"]
[BlackElo "2305"]

1.e4 d5 2.exd5 Qxd5 3.Nc3 Qa5 4.Nf3 Nf6 5.d4 c6 6.Bc4 Bf5 7.Bd2 e6 8.Ne4 Qc7
9.Nxf6+ gxf6 10.Bb3 Nd7 11.Qe2 O-O-O 12.Nh4 Bg6 13.O-O-O c5 14.d5 Nb6 15.Nxg6 hxg6
16.Ba5 exd5 17.Bxb6 axb6 18.Bxd5 Bh6+ 19.Kb1 Rhe8 20.Qf3 f5 21.h4 Re7 22.h5 Bg7
23.h6 Bh8 24.Qb3 Qe5 25.f4 Qf6 26.a4 Rd6 27.c3 Red7 28.Rd3 Kc7 29.h7 Qd8
30.c4 Re7 31.Re3 Rxe3 32.Qxe3 Qf6 33.Qb3 Rd7 34.Qb5 Re7 35.Rh3 Rd7 36.Rb3 Rd6
37.a5 Qh4 38.axb6+ Kd8  1-0

[Event "Bourbon Lancy op"]
[Site "Bourbon Lancy"]
[Date "1998.10.29"]
[Round "7"]
[White "Bologan, Viktor"]
[Black "Vareille, Francois"]
[Result "1-0"]
[WhiteElo "2585"]
[BlackElo "2410"]

1.e4 e6 2.d4 d5 3.Nc3 Bb4 4.e5 c5 5.a3 Bxc3+ 6.bxc3 Ne7 7.Nf3 Bd7 8.Rb1 Qc7
9.h4 h6 10.Bf4 Ba4 11.Qd2 Nd7 12.Bd3 Rc8 13.h5 Nb6 14.O-O cxd4 15.cxd4 Qc3
16.Rfc1 Qxd2 17.Nxd2 O-O 18.Nb3 Rc7 19.Bd2 Rfc8 20.Nc5 Bc6 21.Ba5 Ra8 22.f4 Rcc8
23.Bxb6 axb6 24.Rxb6 Rxa3 25.g4 Rca8 26.Nxb7 Bxb7 27.Rxb7 Nc6 28.Rcb1 g6
29.hxg6 fxg6 30.Rc7 Nxd4 31.Rbb7 g5 32.f5 Nf3+ 33.Kf2 Nxe5 34.Rg7+ Kh8 35.Rh7+ Kg8
36.Rbg7+ Kf8 37.fxe6 Nxd3+ 38.cxd3 Ra2+ 39.Kf3  1-0

[Event "Bourbon Lancy op"]
[Site "Bourbon Lancy"]
[Date "1998.10.30"]
[Round "8"]
[White "Shchekachev, Andrei"]
[Black "Bologan, Viktor"]
[Result "1/2-1/2"]
[WhiteElo "2560"]
[BlackElo "2585"]

1.d4 Nf6 2.c4 e6 3.Nf3 d5 4.Nc3 Bb4 5.Bg5 Nbd7 6.cxd5 exd5 7.e3 c5 8.Bd3 Qa5
9.Qc2 O-O 10.O-O c4 11.Bf5 Re8 12.Nd2 Bxc3  1/2-1/2

[Event "Bourbon Lancy op"]
[Site "Bourbon Lancy"]
[Date "1998.10.31"]
[Round "9"]
[White "Bologan, Viktor"]
[Black "Chatalbashev, Boris"]
[Result "1-0"]
[WhiteElo "2585"]
[BlackElo "2535"]

1.e4 c5 2.Nf3 g6 3.d4 Bg7 4.Nc3 cxd4 5.Nxd4 Nc6 6.Be3 Nf6 7.Bc4 O-O 8.Bb3 d6
9.f3 Bd7 10.Qd2 Rc8 11.O-O-O Ne5 12.Kb1 Nc4 13.Bxc4 Rxc4 14.g4 Qc7 15.g5 Nh5
16.Nd5 Qd8 17.Ne2 Be6 18.Bxa7 Bxd5 19.Qxd5 Qc7 20.c3 Rc8 21.Bd4 Bxd4 22.cxd4 b5
23.Rc1 Qb6 24.e5 dxe5 25.Qxe5 Ng7 26.Nc3 Nf5 27.Nxb5 Qc6 28.Nc3 Qxf3 29.Rhd1 Qf2
30.d5 Ne3 31.Re1 Nf5 32.a3 Qf3 33.Ka2 R4c5 34.Qe2 Qf4 35.Rcd1 Qxg5 36.Ne4 Qf4
37.Nxc5 Rxc5 38.Qe4 Qb8 39.Qb4 Rb5 40.Qc3 Qxh2 41.Qc8+ Kg7 42.Qc3+ Kg8 43.d6 Nxd6
44.Rxe7 Qh4 45.Rd7 Qc4+ 46.Qxc4 Nxc4 47.b4 Rf5 48.Kb3 Ne5 49.Rd8+ Kg7 50.b5 h5
51.a4 h4 52.a5 h3 53.a6 Nf3 54.a7 Rxb5+ 55.Ka4 Rb2 56.Ra1 h2 57.a8=Q h1=Q
58.Rg8+ Kf6 59.Qd8+ Kf5 60.Rf8  1-0

[Event "Corsican op"]
[Site "Bastia"]
[Date "1998.11.01"]
[Round "1"]
[White "Poesson, Thierry"]
[Black "Bologan, Viktor"]
[Result "0-1"]
[WhiteElo "2135"]
[BlackElo "2585"]

1.d4 Nf6 2.c4 g6 3.Nc3 Bg7 4.e4 d6 5.f4 O-O 6.Be2 c5 7.d5 e6 8.Nf3 exd5 9.cxd5 Re8
10.e5 dxe5 11.fxe5 Ng4 12.Bg5 Qb6 13.O-O Nd7 14.e6 fxe6 15.dxe6 Qxe6 16.Re1 Nb6
17.Bc4 Nxc4 18.Rxe6 Bxe6 19.Nd5 Nxb2 20.Qb3 b6 21.Re1 Bf7 22.Re7 Rxe7 23.Nxe7+ Kf8
24.Qb5 Re8 25.Qc6 Nc4 26.h3 Nge5 27.Nxe5 Bxe5 28.Nd5 Nd6 29.Bf6 Bxd5 30.Qxd5 Bxf6
31.Qxd6+ Kg7 32.Kf2 Re7 33.Kf3 c4  0-1

[Event "Corsican op"]
[Site "Bastia"]
[Date "1998.11.01"]
[Round "2"]
[White "Bologan, Viktor"]
[Black "Leski, Marc"]
[Result "1-0"]
[WhiteElo "2585"]
[BlackElo "2415"]

1.e4 d6 2.d4 Nf6 3.Nc3 g6 4.f4 Bg7 5.Nf3 O-O 6.Be3 b6 7.Bc4 c5 8.Qe2 Nc6
9.e5 Ng4 10.O-O-O Qc7 11.Bg1 cxd4 12.Nb5 Qb8 13.h3 Nh6 14.g4 Ba6 15.Nfxd4 Nxd4
16.Bxd4 dxe5 17.fxe5 Bxb5 18.Bxb5 Qc7 19.Kb1 a6 20.Bxa6 b5 21.Bxb5 Rfb8 22.c4 e6
23.Rhf1 Rb7 24.Rf3 Qe7 25.Bc6  1-0

[Event "Corsican op"]
[Site "Bastia"]
[Date "1998.11.01"]
[Round "3"]
[White "Relange, Eloi"]
[Black "Bologan, Viktor"]
[Result "1-0"]
[WhiteElo "2490"]
[BlackElo "2585"]

1.d4 d5 2.c4 c6 3.Nf3 Nf6 4.Nc3 dxc4 5.a4 Bf5 6.e3 e6 7.Bxc4 Bb4 8.O-O O-O
9.h3 h6 10.Qe2 Nbd7 11.Ne5 Nxe5 12.dxe5 Nd7 13.Rd1 Qe7 14.f4 Nc5 15.Na2 a5
16.Nxb4 axb4 17.e4 Nxe4 18.Be3 Rfd8 19.Bb6 Rxd1+ 20.Rxd1 Nc5 21.b3 Ne4 22.Rd4 Nc3
23.Qd2 Nd5 24.Bxd5 exd5 25.Qxb4 Qh4 26.Rd2 Be4 27.Rf2 Qg3 28.Bc5 b5 29.a5 Kh7
30.Bb6 Rc8 31.a6 c5 32.Bxc5 Rc6 33.Qxb5 Rg6 34.Qe2 Qc3 35.b4 Qa1+ 36.Kh2 Rxa6  1-0

[Event "Corsican op"]
[Site "Bastia"]
[Date "1998.11.02"]
[Round "4"]
[White "Bologan, Viktor"]
[Black "Katz, Frederic"]
[Result "1-0"]
[WhiteElo "2585"]
[BlackElo "2085"]

1.e4 c5 2.Nf3 Nc6 3.d4 cxd4 4.Nxd4 g6 5.Nc3 Bg7 6.Be3 Nf6 7.Bc4 O-O 8.Bb3 a5
9.O-O a4 10.Nxa4 Nxe4 11.Nb5 Rxa4 12.Bxa4 Bxb2 13.Rb1 Bg7 14.f3 Qa5 15.Bb3 Nc3
16.Nxc3 Qxc3 17.Qe1 d6 18.Qxc3 Bxc3 19.Rfd1 Bd7 20.Ba4 Ra8 21.Rxb7 Rxa4 22.Rxd7 Rxa2
23.Rc7 Ra6 24.Rb1 Bf6 25.Bh6 Bd4+ 26.Kf1 f5 27.Rc8+ Kf7 28.Rf8+ Ke6 29.Re1+ Kd5
30.Rf7 Ra2 31.Rc1 Kc4 32.Rxh7 Bb2 33.Rd1 Bd4 34.Bg5 Rxc2 35.Rc1 Rxc1+ 36.Bxc1 Bf6
37.Rh6 g5 38.Rh5 f4 39.h4 gxh4 40.Bxf4 d5 41.Be3 d4 42.Bf2 Kc3 43.Rc5+  1-0

[Event "Corsican op"]
[Site "Bastia"]
[Date "1998.11.02"]
[Round "5"]
[White "Levacic, Patrick"]
[Black "Bologan, Viktor"]
[Result "0-1"]
[WhiteElo "2395"]
[BlackElo "2585"]

1.e4 g6 2.d4 Bg7 3.Nc3 c6 4.Nf3 d6 5.Be3 Nd7 6.Qd2 e5 7.O-O-O Qe7 8.dxe5 dxe5
9.g4 Ngf6 10.Rg1 O-O 11.Bg5 Nc5 12.Nh4 Ne6 13.Bh6 Nd4 14.Bxg7 Kxg7 15.f4 Nxg4
16.fxe5 Qxh4 17.Qxd4 Be6 18.Bd3 Rfd8 19.Qb4 Qxh2 20.Qe7 Rd7 21.Qc5 Qxe5 22.Na4 b6
23.Qxc6 Rad8 24.Rd2 Qd4 25.Qc3 Ne5 26.Rg3 h5 27.Qxd4 Rxd4 28.Nc3 h4 29.Re3 Nc4  0-1

[Event "Corsican op"]
[Site "Bastia"]
[Date "1998.11.03"]
[Round "6"]
[White "Bologan, Viktor"]
[Black "Foisor, Ovidiu"]
[Result "1-0"]
[WhiteElo "2585"]
[BlackElo "2475"]

1.e4 e6 2.d4 d5 3.Nc3 dxe4 4.Nxe4 Bd7 5.Nf3 Bc6 6.Bd3 Nd7 7.O-O Ngf6 8.Neg5 Bd6
9.Re1 h6 10.Nh3 Bxf3 11.Qxf3 c6 12.Nf4 Qa5 13.c3 O-O 14.Bd2 Rfe8 15.Qh3 e5
16.Ne2 Bf8 17.a3 Rad8 18.Rad1 exd4 19.Nxd4 Ne5 20.Bc2 c5 21.Nb3 Qa6 22.f4 Nc4
23.Rxe8 Rxe8 24.Bc1 Qb6 25.g4 Qe6  1-0

[Event "Corsican op"]
[Site "Bastia"]
[Date "1998.11.03"]
[Round "7"]
[White "Gofshtein, Leonid D"]
[Black "Bologan, Viktor"]
[Result "0-1"]
[WhiteElo "2500"]
[BlackElo "2585"]

1.e4 e5 2.Nf3 Nc6 3.Bb5 Nf6 4.Qe2 d6 5.c3 Bd7 6.d4 a6 7.Ba4 Be7 8.d5 Nb8
9.Bxd7+ Nbxd7 10.c4 O-O 11.Nc3 c6 12.O-O cxd5 13.cxd5 b5 14.Ne1 Qa5 15.Bd2 b4
16.Nd1 Nc5 17.Nc2 Ncxe4 18.Nxb4 Bd8 19.Be1 Bb6 20.Ne3 Qb5 21.Nc4 Bd4 22.a4 Qc5
23.Nc6 Rfe8 24.Bb4 Qxd5 25.Nxd4 Qxd4 26.Rad1 Qa7 27.Bxd6 Nxd6 28.Rxd6 Qc5
29.Rfd1 e4 30.h3 h6 31.Nb6 Rab8 32.Qe3 Qc7 33.b4  0-1

[Event "Bundesliga 9899"]
[Site "Germany"]
[Date "1998.12.12"]
[Round "5.1"]
[White "Bologan, Viktor"]
[Black "Nielsen, Peter Heine"]
[Result "1/2-1/2"]
[WhiteElo "2580"]
[BlackElo "2505"]

1.e4 c5 2.Nf3 g6 3.d4 cxd4 4.Nxd4 Bg7 5.Nc3 Nc6 6.Be3 Nf6 7.Bc4 Qa5 8.O-O O-O
9.Bb3 d6 10.h3 Bd7 11.Re1 Rfe8 12.Qe2 Qh5 13.Qc4 Ne5 14.Qf1 Nc6 15.Nde2 Qa5
16.f4 Qc7 17.Qf2 b6 18.g4 Na5 19.Ng3 Nxb3 20.cxb3 Bc6 21.g5 Nd7 22.Rad1 Nc5
23.Bd4 Bxd4 24.Qxd4 e5 25.Qxd6 Qxd6 26.Rxd6 exf4 27.Rxc6 fxg3 28.Nd5 Re5
29.b4 Ne6 30.h4 Rd8 31.Rc8 Rxd5 32.exd5 Rxc8 33.dxe6 fxe6 34.Rxe6 Rc2 35.Re7 Rxb2
36.Rxa7 Rxb4 37.Kg2 Rxh4 38.Kxg3 Rb4 39.a4 Rc4 40.a5 Rc3+ 41.Kf4 Rc4+ 42.Kg3 bxa5
43.Rxa5 Rb4  1/2-1/2

[Event "Festival comtois 3rd"]
[Site "Belfort"]
[Date "1998.12.18"]
[Round "5"]
[White "Degraeve, Jean Marc"]
[Black "Bologan, Viktor"]
[Result "0-1"]
[WhiteElo "2580"]
[BlackElo "2585"]

1.e4 c5 2.Nf3 e6 3.c3 Nf6 4.e5 Nd5 5.Bc4 b6 6.O-O Bb7 7.d4 cxd4 8.cxd4 Be7
9.Nc3 Nxc3 10.bxc3 O-O 11.Bd3 d6 12.Re1 Nd7 13.exd6 Bxd6 14.c4 Bxf3 15.Qxf3 Qh4
16.Bb2 Qxh2+ 17.Kf1 Rae8 18.g3 f5 19.Ke2 Qh6 20.Kd1 Nf6 21.Re2 Ng4 22.Kc2 Qf6
23.Rae1 Bb4 24.Rd1 Qf7 25.a3 Be7 26.Qb7 Bg5 27.Qxf7+ Kxf7 28.Rde1 g6 29.a4 Bd8
30.c5 bxc5 31.dxc5 Ba5 32.Rc1 Nf6 33.Bc4 Ne4 34.Ba3 Rc8 35.Bxe6+ Kxe6 36.f3 Bc7
37.fxe4 Bxg3 38.exf5+ Kxf5 39.Rf1+ Kg4 40.Re4+ Rf4 41.Rfxf4+ Bxf4 42.Kd3 g5
43.Kc4 h5 44.Bc1 Kf3  0-1

[Event "Festival comtois 3rd"]
[Site "Belfort"]
[Date "1998.12.23"]
[Round "10"]
[White "Bologan, Viktor"]
[Black "Degraeve, Jean Marc"]
[Result "1/2-1/2"]
[WhiteElo "2585"]
[BlackElo "2580"]

1.e4 c5 2.Nf3 Nc6 3.d4 cxd4 4.Nxd4 e5 5.Nb5 d6 6.N1c3 a6 7.Na3 b5 8.Nd5 Nf6
9.Bg5 Be7 10.Bxf6 Bxf6 11.c3 O-O 12.Nc2 Bg5 13.a4 bxa4 14.Rxa4 a5 15.Bc4 Rb8
16.b3 Kh8 17.O-O g6 18.Qd3 f5 19.Rd1 Bh6 20.Nde3 Rf6 21.f3 Ne7 22.Rda1 Bb7
23.Rxa5 fxe4 24.fxe4 Rf4 25.Bd5 Bxd5 26.Nxd5 Nxd5 27.Rxd5 Qb6+ 28.Kh1 Qxb3
29.Ne3 Rf2 30.Re1 Rbf8 31.h3 Bxe3 32.Qxe3 Qc2 33.Rg1 Qe2  1/2-1/2

[Event "Ambassador op"]
[Site "Bern"]
[Date "1998.12.27"]
[Round "3"]
[White "Bologan, Viktor"]
[Black "Wirthensohn, Heinz"]
[Result "1-0"]
[WhiteElo "2585"]
[BlackElo "2390"]

1.e4 c5 2.Nf3 Nc6 3.d4 cxd4 4.Nxd4 g6 5.Nc3 Bg7 6.Be3 Nf6 7.Bc4 O-O 8.Bb3 Ng4
9.Qxg4 Nxd4 10.Qd1 Nxb3 11.axb3 b6 12.Qd2 Bb7 13.Bh6 Bxh6 14.Qxh6 f5 15.h4 e6
16.e5 f4 17.O-O-O Rf5 18.Nb5 Bxg2 19.Rhg1 f3 20.Rge1 a6 21.Nd6 Rh5 22.Qf4 Qf8
23.Qd4 b5 24.Kb1 Qe7 25.Ne4 Rxh4 26.Qxd7 Qxd7 27.Rxd7 Bh3 28.Nf6+ Kh8 29.c4 Bf5+
30.Ka2 bxc4 31.bxc4 g5 32.c5 Rb8 33.b3 Bc2 34.Re3 Rh1 35.c6 Bb1+ 36.Kb2 Bg6
37.c7 Rb1+ 38.Ka2  1-0